000 00509nam a2200181Ia 4500
008 100917s9999 xx 000 0 und d
082 _b6391
100 _aहिंगणे रामचंद्र
245 _aकाळोखातील काजवे
260 _b---
_c1963
300 _a41
365 _b1.5
520 _aकथा
630 _aकाळोखातील काजवे
650 _aकथा
730 _aकाळोखातील काजवे
942 _cBOOK
999 _c611785
_d611782